Former Manchester United Squad Numbers Quiz Stats

Quiz not verified by Sporcle

Challenge
Share
Tweet
Embed
Score 0/30 Timer 10:00
0 Plays Today
Number Player % Correct
#5Rio Ferdinand
77.4%
#2Gary Neville
75.7%
#15Nemanja Vidic
67.9%
#18Paul Scholes
67.1%
#9Anthony Martial
62.9%
#1Edwin van der Sar
55.8%
#3Luke Shaw
54.6%
#16Roy Keane
52.3%
#17Nani
52%
#8Anderson
50.5%
#28Anderson
50.5%
#11Adnan Januzaj
50.3%
#6Jonny Evans
46.2%
#7Angel Di Maria
39.8%
#14Javier Hernandez
36.3%
Number Player % Correct
#20Robin van Persie
32.2%
#24Darren Fletcher
32%
#4Owen Hargreaves
31.1%
#10Ruud van Nistelrooy
30.4%
#13Park Ji-Sung
28.4%
#19James Wilson
20.4%
#23Tom Cleverley
20.4%
#12Ben Foster
16.8%
#27Federico Macheda
16.2%
#22Nick Powell
13.3%
#25Nick Powell
13.3%
#26Gabriel Obertan
9.2%
#29Tomasz Kuszczak
5.7%
#21Angelo Henriquez
4%
#30Ritchie de Laet
3.4%

You're not logged in!

Compare scores with friends on all Sporcle quizzes.
Sign Up with Email
OR
Log In

Show Comments

Extras

Top Quizzes Today


Score Distribution

Your Account Isn't Verified!

In order to create a playlist on Sporcle, you need to verify the email address you used during registration. Go to your Sporcle Settings to finish the process.

Report this User

Report this user for behavior that violates our Community Guidelines.

Details: